The Book of time /

Bibliographic Details
Other Authors: Wilson, Colin, 1931-2013, Grant, John, 1912-
Format: Book
Language:English
Published: Newton Abbot, Devon : North Pomfret, Vt. : Westbridge Books ; David & Charles, [1980]
Subjects:

MARC

Tag First Indicator Second Indicator Subfields
LEADER 00000cam a2200000 a 4500
001 in00000092084
005 20190423133047.0
008 811105s1980 enkabcd 00100 eng
010 |a  81176637  
015 |a GB80-01174 
020 |a 0715377647 :  |c 10.50 
035 |a (OCoLC)07185295 
035 |9 AAK3640AM 
039 0 |a 2  |b 3  |c 3  |d 3  |e 3 
040 |a DLC  |c DLC  |d TXA  |d UtOrBLW 
049 |a TXAM  |c [1361919] 
050 0 0 |a QB209  |b .B66 
082 0 |a 529  |2 19 
245 0 4 |a The Book of time /  |c consultant editor, Colin Wilson ; edited by John Grant. 
264 1 |a Newton Abbot, Devon :  |b Westbridge Books ;  |a North Pomfret, Vt. :  |b David & Charles,  |c [1980] 
264 4 |c ©1980 
300 |a 320 pages :  |b illustrations, charts, maps, portraits ;  |c 24 cm. 
336 |a text  |b txt  |2 rdacontent 
337 |a unmediated  |b n  |2 rdamedia 
338 |a volume  |b nc  |2 rdacarrier 
500 |a Includes index. 
650 0 |a Time. 
700 1 |a Wilson, Colin,  |d 1931-2013. 
700 1 |a Grant, John,  |d 1912- 
999 |a MARS 
999 f f |s 5743b53b-4972-3ee9-9912-f5eaaa41853e  |i c393b0af-ce39-3934-b366-259c1ba3f139  |t 0 
952 f f |p normal  |a Texas A&M University  |b College Station  |c Sterling C. Evans Library  |d Evans: Library Stacks  |t 0  |e QB209 .B66  |h Library of Congress classification  |i unmediated -- volume  |m A14806208297 
998 f f |a QB209 .B66  |t 0  |l Evans: Library Stacks